| 000 | 00538nam a2200193Ia 4500 | ||
|---|---|---|---|
| 008 | 230125s9999 xx 000 0 und d | ||
| 020 | _a019565607-5 | ||
| 041 | _aeng | ||
| 082 |
_a658.312 44 _bUND |
||
| 100 |
_aUNDP _9110140 |
||
| 245 | _aHuman Development Report 2000 | ||
| 260 |
_c2000 _bOxford University Press _aNew York |
||
| 300 | _a291p | ||
| 500 | _aReport,HRM | ||
| 500 | _aHuman resource management;HRM;hrm report | ||
| 650 | _aHuman Resource Management | ||
| 700 |
_aUNDP _9110140 |
||
| 999 |
_c86883 _d86883 |
||